000 00345nam a2200157Ia 4500
003 Ost
005 20260225132542.0
008 260225s9999||||xx |||||||||||||| ||und||
040 _cfsic
041 _afre
082 _a440
100 _ayves barel
_eAuteur
245 0 _aLe baradoxe et le systeme /
245 0 _cyves barel
942 _cكتاب
999 _c33605
_d33605